00685nam a2200205 i 4500001000300000100001900003245006100022260005300083300004200136504002400178650003000202650003100232650002800263020001500291040000800306041000800314080001800322008004100340856009800381bg1 aBAZELI, Monika10aMikroorganizmy osadu czynnego :bklucz /cMonika Bazeli. aGdańsk :bGdańska Fundacja Wody,ccop. 2001. a68 s. :bil. (w tym kolor.) ;c24 cm. aBibliogr. - Indeks. 9aBezkręgowcexstosowanie 9aBezkręgowcexsystematyka 9aOsad czynnyxstosowanie a8391556905 cBPK0 apol a593/595:628.3 s pl f |000 0 pol  uhttp://koha.tu.koszalin.pl/cgi-bin/koha/opac-detail.pl?biblionumber=52324yKatalog online BPK